30 let sovětského obchodu

Enregistré dans:
Détails bibliographiques
Format: Livre
Langue:tchèque
Publié: Praha Ministerstvo vnitřního obchodu 1951
Tags: Ajouter un tag
Pas de tags, Soyez le premier à ajouter un tag!

MARC

LEADER 00000nam a2200000 4500
001 0314685
005 20260202125818.3
041 0 |a cze 
044 |a CZ 
245 1 0 |a 30 let sovětského obchodu  |c B. J. Kistanov 
264 1 |a Praha  |b Ministerstvo vnitřního obchodu  |c 1951